| 000 | 00549nam a22001817a 4500 | ||
|---|---|---|---|
| 003 | LC | ||
| 005 | 20151127094013.0 | ||
| 008 | 151127b xxu||||| |||| 00| 0 eng d | ||
| 020 | _a9780957601222 | ||
| 020 | _a0957601220 | ||
| 050 | _aPC 2112 .B768 2014 | ||
| 100 | _aBourdais, Daniele | ||
| 245 |
_aPanorama francophone 1 : _bcahier d'exercicces _cDaniele Bourdais, Sue Finnie |
||
| 260 |
_aUnited Kingdom : _bHobss the printers ltd. _c2014 |
||
| 300 |
_a40 pages., _bill.,photos.; _c230 x 275mm |
||
| 700 | _aFinnie, Sue | ||
| 942 |
_2lcc _cBK |
||
| 999 |
_c288989 _d288989 |
||